Artilheiros do Grêmio por temporada - Statistics

Estatísticas Gerais
  • Esse quiz foi jogado 370 vezes
  • A pontuação média é 18 de 32
Estatísticas das Respostas
Temporada Jogador Gols % Correto
2023 Suárez 17
98%
2017 Luan 18
95%
2016 Luan 12
95%
2015 Luan 18
95%
2022 Diego Souza 19
94%
2021 Diego Souza 30
94%
2020 Diego Souza 22
94%
2019 Everton Cebolinha 20
85%
2018 Everton Cebolinha 19
85%
1995 Jardel 45
81%
2014 Barcos 29
77%
2013 Barcos 14
77%
1997 Paulo Nunes 19
76%
1996 Paulo Nunes 27
76%
Lucas Barrios
74%
2010 Jonas 44
71%
2009 Jonas 24
71%
Pedro Rocha
57%
2011 Douglas 16
54%
2000 Ronaldinho Gaúcho 38
40%
1999 Ronaldinho Gaúcho 22
40%
2012 Marcelo Moreno 23
32%
2007 Tuta 19
27%
2001 Zinho 21
20%
2008 Perea 17
17%
2004 Christian 28
16%
2002 Rodrigo Fabri 26
14%
Zé Alcino
10%
2006 Romulo 13
8%
1998 Guilherme 21
7%
2003 Anderson Lima 13
5%
2005 Samuel 11
3%
Nenhum quiz correspondente encontrado
Distribuição das Pontuações
Porcentagem de Pessoas com Cada Pontuação
Percentil de Números Respondidos
Sua Pontuação Histórica
Você não jogou esse quiz